Rozpoznaj gracza CSGO/CS2 po zdjęciu - Statystyki

Ogólne statystyki
  • Ten quiz został rozwiązany 145 razy
  • Średni wynik to 7 z 8
Statystyki odpowiedzi
Obrazkowy Odpowiedź % Poprawnych
donk
98%
m0NESY
98%
s1mple
96%
Snax
96%
karrigan
92%
NiKo
91%
ZywOo
88%
dev1ce
76%
Nie znaleziono quizów pasujących do podanych kryteriów
Rozkład punktacji
Procent ludzi z każdym wynikiem
Percentyl według liczby udzielonych odpowiedzi
Twoja historia wyników
Nie rozwiązałeś tego quizu